Guess 10 czech footballers by image - Statistics

General Stats
  • This quiz has been taken 260 times
  • The average score is 6 of 10
Answer Stats
Picture Answer % Correct
Petr Čech
98%
Pavel Nedvěd
95%
Patrick Schick
88%
Tomas Rosicky
81%
Tomas Soucek
79%
Antonin Panenka
45%
Josef Masopust
38%
Josef Bican
37%
Jakub Jankto
34%
František Plánička
8%
No matching quizzes found
Score Distribution
Percent of People with Each Score
Percentile by Number Answered
Your Score History
You have not taken this quiz